000 00414nam a22001577a 4500
003 OSt
005 20231028064558.0
008 231028b |||||||| |||| 00| 0 eng d
020 _a978-93-7473-662-3
040 _cIIMT UNIVERSITY
100 _aYADAV, ASHA
245 _aHUMAN ANATOMY AND PHYSIOLOGY WITH SOLVED QUETIONS
260 _aNEW DELHI
_bAITBS PUBLISHERS, INDIA
_c2022
300 _a277
942 _2ddc
_c09
999 _c57571
_d57571